Introduction to colloid and surface chemistry /

Guardado en:
Autor Principal: Shaw, Duncan J.
Formato: Libro
Idioma:English
Publicado: London : Butterworths, 1980.
Edición:3rd ed.
Materias:
Etiquetas: Agregar Etiqueta
Sin Etiquetas, Sea el primero en etiquetar este registro!
LEADER 00799pam a22002535a 4500
001 EIQ.libpla001992
008 800724s1980####enka#####b####001#0#eng#d
005 20070322144905.0
245 1 0 |a Introduction to colloid and surface chemistry /  |c Duncan J. Shaw. 
250 |a 3rd ed. 
260 |a London :  |b Butterworths,  |c 1980. 
300 |a viii, 273 p. :  |b il. ;  |c 22 cm. 
504 |a Bibliografía: p. 257-265. 
500 |a Incluye índice. 
020 |a 0408710497 
100 1 |a Shaw, Duncan J. 
082 0 0 |a 541.3/45  |2 19 
650 4 |a Catálisis  |x Coloides. 
650 4 |a Catálisis  |x Química de superficies. 
650 4 |a Catalysis  |x Surface chemistry. 
650 4 |a Catalysis  |x Colloids. 
010 |a  80049871  
040 |a DLC  |c DLC  |d AR-BbSID 
859 |a AR-BbSID  |b BIB. PLAPIQUI  |h 541.345  |i Sh 26  |p 3619